Menové termínové obchody znižujú riziko
Minimalizácia strát, ktoré vznikajú v zahraničnom obchode výkyvmi výmenných kurzov, rôznymi technikami istenia. Promptná a termínová transakcia. Faktory určujúce výmenný kurz. Nákup termínového kontraktu. Predaj termínovej transakcie. Termínový obchod s plávajúcou splatnosťou. Záloh.
Saved in:
| Main Author: | |
|---|---|
| Format: | Book Chapter |
| Language: | Slovak |
| Subjects: | |
| Tags: |
No Tags, Be the first to tag this record!
|
MARC
| LEADER | 00000naa a2200000 4500 | ||
|---|---|---|---|
| 001 | r000952 | ||
| 005 | 20221205091153.2 | ||
| 041 | 0 | |a slo | |
| 044 | |a SK | ||
| 245 | 1 | 0 | |a Menové termínové obchody znižujú riziko |c R. Kolárik |
| 520 | |a Minimalizácia strát, ktoré vznikajú v zahraničnom obchode výkyvmi výmenných kurzov, rôznymi technikami istenia. Promptná a termínová transakcia. Faktory určujúce výmenný kurz. Nákup termínového kontraktu. Predaj termínovej transakcie. Termínový obchod s plávajúcou splatnosťou. Záloh. | ||
| 610 | 2 | 0 | |a obchod zahraničný |
| 610 | 2 | 0 | |a obchody termínové |
| 610 | 2 | 0 | |a kurz výmenný |
| 610 | 2 | 0 | |a trh kapitálový medzinárodný |
| 100 | 1 | |a Kolárik, Richard | |